| 000 | 00767nam a22002057a 4500 | ||
|---|---|---|---|
| 999 |
_c178635 _d178635 |
||
| 005 | 20210408172529.0 | ||
| 010 | _aENG-129410 | ||
| 020 |
_c795.00 _a978-93-88016-46-9 |
||
| 035 | _aEN-112942 | ||
| 037 | _bDBAD/PUB | ||
| 082 | _a371.9046 | ||
| 100 | _aMishra, Premananda | ||
| 245 |
_aInclusive Education/ _bPremananda Mishra, Farzana Shehla and K. Srinivas Reddy |
||
| 260 |
_aNew Delhi _bNeelkamal Publications _c2020 |
||
| 270 |
_a4764/1, 23, Ansari Road, Daryaganj _bNew Delhi _e110002 _k011-23244237, 98118-28953 _mneelkamalbooks@gmail.com |
||
| 300 |
_axii+202p. _c24cm(hbk) _bincluding bibliographical references, index and illustrations. |
||
| 700 | _aFarzana Shehla | ||
| 700 | _aReddy, K. Srinivas | ||
| 942 |
_2ddc _cEN _h371.9046 _mMIS |
||